<?xml version="1.0" encoding="UTF-8"?>
<record
    xmlns:xsi="http://www.w3.org/2001/XMLSchema-instance"
    xsi:schemaLocation="http://www.loc.gov/MARC21/slim http://www.loc.gov/standards/marcxml/schema/MARC21slim.xsd"
    xmlns="http://www.loc.gov/MARC21/slim">

  <leader>01799naa a2200265 i 4500</leader>
  <controlfield tag="001">BPP</controlfield>
  <controlfield tag="003">BPK</controlfield>
  <controlfield tag="005">20190610114327.0</controlfield>
  <controlfield tag="008">140714s1994    pl     f     |100 0 pol</controlfield>
  <datafield tag="040" ind1=" " ind2=" ">
    <subfield code="c">BPK</subfield>
  </datafield>
  <datafield tag="041" ind1=" " ind2=" ">
    <subfield code="a">pol</subfield>
    <subfield code="b">eng</subfield>
  </datafield>
  <datafield tag="080" ind1=" " ind2=" ">
    <subfield code="a">621.791/.795</subfield>
  </datafield>
  <datafield tag="100" ind1=" " ind2=" ">
    <subfield code="a">KARPI&#x143;SKI, Tadeusz.</subfield>
    <subfield code="d">1970 - 1996.</subfield>
    <subfield code="b">Wy&#x17C;sza Szko&#x142;a In&#x17C;ynierska w Koszalinie - Wydzia&#x142; Mechaniczny,</subfield>
    <subfield code="c">Zak&#x142;ad Technologii Maszyn</subfield>
  </datafield>
  <datafield tag="245" ind1=" " ind2=" ">
    <subfield code="a">Metoda oceny mikrogeometrii powierzchni przedmiot&#xF3;w b&#x119;d&#x105;cych w ruchu =</subfield>
    <subfield code="b">Method of evaluation of moving rough surfaces /</subfield>
    <subfield code="c">Tadeusz Karpi&#x144;ski, Tadeusz Kochaniewicz, Czes&#x142;aw &#x141;ukianowicz.</subfield>
  </datafield>
  <datafield tag="260" ind1=" " ind2=" ">
    <subfield code="c">1994.</subfield>
  </datafield>
  <datafield tag="500" ind1=" " ind2=" ">
    <subfield code="a">Dane z autopsji.</subfield>
  </datafield>
  <datafield tag="520" ind1=" " ind2=" ">
    <subfield code="a">Opisano optyczn&#x105; metod&#x119; mikrogeometrii powierzchni przedmiot&#xF3;w b&#x119;d&#x105;cych w ruchu. Metoda polega na pomiarze k&#x105;towego rozk&#x142;adu nat&#x119;&#x17C;enia &#x15B;wiat&#x142;a rozproszonego przez powierzchni&#x119;. Opisano stanowisko badawcze s&#x142;u&#x17C;&#x105;ce do realizacji tej metody. Przedstawiono wyniki bada&#x144; uzyskane za pomoc&#x105; zbudowanego stanowiska dla obracaj&#x105;cych si&#x119; powierzchni walcowych, wykonanych ze stali.</subfield>
  </datafield>
  <datafield tag="655" ind1=" " ind2="0">
    <subfield code="a">Materia&#x142;y konferencyjne.</subfield>
  </datafield>
  <datafield tag="650" ind1=" " ind2="0">
    <subfield code="a">In&#x17C;ynieria powierzchni</subfield>
  </datafield>
  <datafield tag="773" ind1=" " ind2=" ">
    <subfield code="i">W :</subfield>
    <subfield code="t">Metrologia w procesach wytwarzania : V Krajowa Konferencja Naukowo-Techniczna : Forum Prac Badawczych : referaty. -</subfield>
    <subfield code="d">Krak&#xF3;w : Instytut Obr&#xF3;bki Skrawaniem, 1994. -</subfield>
    <subfield code="g">s. 137-142</subfield>
  </datafield>
  <datafield tag="700" ind1=" " ind2=" ">
    <subfield code="a">KOCHANIEWICZ, Tadeusz.</subfield>
    <subfield code="d">1986 - 1996.</subfield>
    <subfield code="b">Wy&#x17C;sza Szko&#x142;a In&#x17C;ynierska w Koszalinie - Wydzia&#x142; Mechaniczny,</subfield>
    <subfield code="c">Zak&#x142;ad Technologii Maszyn </subfield>
  </datafield>
  <datafield tag="700" ind1=" " ind2=" ">
    <subfield code="a">&#x141;UKIANOWICZ, Czes&#x142;aw.</subfield>
    <subfield code="d">1973 - 1996.</subfield>
    <subfield code="b">Wy&#x17C;sza Szko&#x142;a In&#x17C;ynierska w Koszalinie - Wydzia&#x142; Mechaniczny,</subfield>
    <subfield code="c">Zak&#x142;ad Technologii Maszyn</subfield>
  </datafield>
  <datafield tag="711" ind1=" " ind2=" ">
    <subfield code="a">Forum Prac Badawczych nt. Metrologia w procesach wytwarzania </subfield>
    <subfield code="n">(5 ;</subfield>
    <subfield code="d">1994 ;</subfield>
    <subfield code="c">Krak&#xF3;w, Polska).</subfield>
  </datafield>
  <datafield tag="942" ind1=" " ind2=" ">
    <subfield code="c">ART</subfield>
    <subfield code="2">UKD</subfield>
  </datafield>
  <datafield tag="999" ind1=" " ind2=" ">
    <subfield code="c">6810</subfield>
    <subfield code="d">6810</subfield>
  </datafield>
  <datafield tag="952" ind1=" " ind2=" ">
    <subfield code="0">0</subfield>
    <subfield code="1">0</subfield>
    <subfield code="4">0</subfield>
    <subfield code="7">0</subfield>
    <subfield code="a">BPK</subfield>
    <subfield code="b">BPK</subfield>
    <subfield code="o">102736</subfield>
    <subfield code="y">ART</subfield>
  </datafield>
</record>
